000 00515cam a2200217ua 4500
001 7594
005 20260515114232.0
008 141217n ii |||gr||||Z||||||ben
020 _a8185547521
040 _cMAIN
041 _aben
082 _a891.441
100 _aDas, R.,
_eAuthor.
245 1 _aNirbachita kabita
_cBy Ranjit Das
250 _a1st.
260 _aCalcutta:
_bBhastok,
_c1994.
300 _a96p.
653 _aEast Indo-European & Celtic literatures
653 _aBengali poems
942 _cBK
999 _c6711
_d6711